Guess the 20 most populous cities in the world - Statistics

General Stats
  • This quiz has been taken 34 times
  • The average score is 16 of 20
Answer Stats
Hint Answer % Correct
Japan Tokyo
100%
India Mumbai
96%
India Delhi
93%
Mexico Mexico City
93%
Egypt Cairo
89%
China Beijing
86%
Argentina Buenos Aires
86%
Brazil Sao Paulo
86%
China Shanghai
86%
Turkey Istanbul
82%
Philippines Manilla
82%
India Kolkata
79%
Nigeria Lagos
79%
Bangladesh Dhaka
75%
Pakistan Karachi
71%
Japan Osaka
71%
DR Congo Kinshasa
68%
China Guangzhou
61%
China Chongqing
50%
China Tianjin
50%
No matching quizzes found
Score Distribution
Percent of People with Each Score
Percentile by Number Answered
Your Score History
You have not taken this quiz